• 首页
  • 本馆介绍
  • 公告通知
  • 最新文献
  • 馆藏检索
  • 电子资源
  • 读者导购
  • 参考咨询
  • 我的图书馆
  • 登录
  • 详细信息显示
  • 放入我的书架
  • 预约/预借图书
  • 作者相关作品
  • 分类相关作品
  • 丛书相关作品
  • 出版社相关作品

书目信息

  • 表格格式
  • 工作单格式
  • 卡片格式
题名:
养禽
    
 
作者: 艾文森 编著
分册:  
出版信息: 北京   农业出版社  1982
页数: 148页
开本: 19cm
丛书名:
单 册:
中图分类: S83
科图分类:
主题词: 养禽学
电子资源:
ISBN:
000 00557nam0 2200229 45
001 0182010800
005 20060816145316.71
010    @dCNY0.42
091    @a16144.2470
100    @a19950629d1982 em y0chiy0121 ea
101 0  @achi
102    @aCN@b110000
105    @ay z 000yy
200 10 @a养禽@Ayang qin@f艾文森编著
210    @a北京@c农业出版社@d1982
215    @a148页@d19cm
606    @a养禽学
690    @aS83@v3
701  0 @a艾文森@Aai wen sen@4编著
801  0 @aCN@bTSSF@c20060816
801  2 @aCN@bNLC@c20060801
905    @a10447@dS83@e37
    
    养禽/艾文森编著.-北京:农业出版社,1982
    148页;19cm
    
    
    ISBN :CNY0.42
    
●
相关链接 在E读中查询图书 在五车中查询图书 在当当中查询图书 在豆瓣中查询图书


正题名:养禽     索取号:S83/37         预约/预借

序号 登录号 条形码 馆藏地/架位号 状态 备注
1 0439361   204393619   密集书库/ [索取号:S83/37] 在馆    
2 0458697   204586974   密集书库/ [索取号:S83/37] 在馆    
唐山师范学院图书馆 欢迎您!
大连网信软件有限公司© 版权所有